000 00743nam a2200253Ia 4500
003 OSt
005 20220924115517.0
006 a|||||r|||| 00| 0
007 ta
008 220923b |||||||| |||| 00| 0 san d
024 _a224947
037 _cTextual
040 _aARTS
_cARTS
_bsan
041 _2san
_asan
082 _aR631x2,1,3, 15P4(P15)
100 _aJha Mahamahopadhyaya Ganganath Tr.
_9178549
245 0 _aSamkhya-tattva kaumudi
260 _aDelhi
_bChaukhamba sanskrit prakashan
_c2004
300 _a40+174+41p
_ccm.
490 _aVrajaivan indological
650 _aYOGA
_92333
942 _hR631x2,1,3, 15P4(P15)
_cTEXL
_2CC
999 _c398661
_d398661